000 00580nam a2200205 a 4500
005 20230623063549.0
008 991125s1984 mx 000 0 spa u
020 _a9684940114
035 _aUPN01000041194
049 _aI
050 4 _aPZ78
_bM6.5
100 1 _aMontes de Oca, Marco Antonio
245 1 3 _aEl niño pintor /
_cil. Phillipe Beha.
260 _aMéxico :
_bCIDCLI :
_bCONAFE,
_c1984.
300 _a35 p. :
_bil. col
440 0 _aReloj de cuentos ;
_v4
650 4 _aCUENTOS FANTASTICOS
_97897
650 4 _aCuentos infantiles mexicanos
_97723
905 _aInfantil
999 _c41194
_d41194